Self consciousness : an alternative anthropology of identity
Αποθηκεύτηκε σε:
| Κύριος συγγραφέας: | |
|---|---|
| Μορφή: | Βιβλίο |
| Γλώσσα: | English |
| Δημοσίευση: |
London :
Routledge,
1994
|
| Θέματα: | |
| Ετικέτες: |
Προσθήκη ετικέτας
Δεν υπάρχουν, Καταχωρήστε ετικέτα πρώτοι!
|
MARC
| LEADER | 00000nam a2200000 i 4500 | ||
|---|---|---|---|
| 001 | 1/95749 | ||
| 008 | 980206s1994 eng d | ||
| 020 | |a 0-415-08323-0 | ||
| 035 | |1 ΠΑΡ |a 1997 |l 10009860 | ||
| 040 | |a GR-MY-UA |b gre |e aacr | ||
| 041 | 0 | |a eng | |
| 082 | 0 | |a 302.5 | |
| 100 | 1 | |a Cohen, Anthony P. |q (Anthony Paul) |d 1946- | |
| 245 | 1 | 0 | |a Self consciousness : |b an alternative anthropology of identity / |c Anthony P. Cohen |
| 260 | |a London : |b Routledge, |c 1994 | ||
| 300 | |a 217 p. | ||
| 504 | |a Includes bibliographical references and index | ||
| 650 | 0 | 0 | |a Personality and culture |x Cross-cultural studies. |
| 650 | 0 | 0 | |a Self |x Cross-cultural studies. |
| 650 | 0 | 0 | |a Identity |x Cross-cultural studies. |
| 650 | 0 | 0 | |a Group identity |x Cross-cultural studies. |
| 852 | |a INST |b LESVOS |e 19980206 |h 302.5 COH |p 005100015224 |q 005100015224 |t BK |y 0 | ||
| 909 | |a Λ |b 037804 | ||
| 922 | |a 1ΕΛΗ |b 199411 |c ΜΟΥΤΑΦΗ | ||
| 950 | |a 085-1994-09-01 | ||